| 000 | 00000nam##2200000za#4500 |
| 001 | 9.571296 |
| 003 | CaOODSP |
| 005 | 20210624182645 |
| 007 | cr ||||||||||| |
| 008 | 150406|1998||||xxc|||||o f|0| 0 eng|d |
| 040 | |aCaOODSP|beng |
| 043 | |an-cn--- |
| 086 | 1 |aTU3-5/98-16E-PDF |
| 110 | 2 |aTransportation Safety Board of Canada. |
| 245 | 10|aJamming of Elevators in Flight Air Alliance de Havilland DHC-8-102 C-FHRC, Québec/Jean Lesage International Airport, Quebec, 25 April 1998 |h[electronic resource] |
| 260 | |aGatineau - Quebec : |bTransportation Safety Board of Canada |c[2000]. |
| 300 | |a8p. |
| 490 | 1 |aAviation investigation report |vA98Q0057 |
| 590 | |a12-01-Supp|b2012-01-13 |
| 775 | 08|tBlocage des gouvernes de profondeur en vol - Air Alliance de Havilland DHC-8-102 C-FHRC, Aéroport international de Québec/Jean-Lesage (Québec), le 25 avril 1998 |w(CaOODSP)9.601912 |
| 830 | #0|aAviation investigation report ;|vA98Q0057|w(CaOODSP)9.504825 |
| 856 | 40|ahttp://publications.gc.ca|qPDF|s78 KB|uhttps://publications.gc.ca/collections/collection_2011/bst-tsb/TU3-5-98-16-eng.pdf|yA98Q0057 |